000 00648nam a2200193 i 4500
001 128963
003 ES-MaACL
005 20230906193415.0
007 t|
008 070531s1973 sp ||||1| spa d
245 0 0 _aTeatro de guerrilla y happening /
_ctextos y entrevistas de Richard Schechner, Burd Wirtschafter y Allan Kaprow ; traducción Joaquín Jordá.
260 _a[Barcelona] :
_bAnagrama,
_c[1973]
300 _a90 p. ;
_c18 cm.
700 1 _aSchechner, Richard.
_9104253
700 1 _aWirtschafter, Burd.
_9117139
700 1 _aKaprov, Allan.
_967540
700 1 _aJordá, Joaquín.
_966895
852 _aES-MaACL
_jC-53734
_bR.86528
999 _c128963
_d128963